| 000 | 00000nam 2200000za 4500 |
| 001 | 9.846913 |
| 003 | CaOODSP |
| 005 | 20221107153321 |
| 007 | cr ||||||||||| |
| 008 | 171109s2016 oncab #o f000 0 fre d |
| 040 | |aCaOODSP|bfre |
| 043 | |an-cn--- |
| 086 | 1 |aM4-169/2016F-PDF |
| 245 | 00|aGéocartographie du Nord d'ici 2020 |h[ressource électronique] : |bmoderniser la carte géologique du Nord. |
| 246 | 10|aModerniser la carte géologique du Nord |
| 260 | |a[Ottawa?] : |bRessources naturelles Canada, |cc2016. |
| 300 | |a[1] p. : |bill. en coul., carte |
| 500 | |a« Juillet 2016. » |
| 500 | |aTitre de départ. |
| 500 | |aPubl. aussi en anglais sous le titre : Geo-mapping the North by 2020 : modernizing the geological picture of the North. |
| 520 | |a« Le Programme de géocartographie de l’énergie et des minéraux (GEM) permet de créer de nouvelles cartes géologiques et séries de données à l’échelle régionale pour le Nord du Canada. » -- p. [1]. |
| 692 | 07|2gccst|aSciences de la terre |
| 692 | 07|2gccst|aNord canadien |
| 692 | 07|2gccst|aCartographie |
| 710 | 1 |aCanada. |bRessources naturelles Canada. |
| 775 | 08|tGeo-mapping the North by 2020 |w(CaOODSP)9.845822 |
| 856 | 40|qPDF|s3.79 Mo|uhttps://publications.gc.ca/collections/collection_2017/rncan-nrcan/M4-169-2016-fra.pdf |